Джульфинские мышьяковистые источники в Нахичеванском крае
| 第一著者: | |
|---|---|
| 団体著者: | |
| 言語: | ロシア語 フランス語 |
| 出版事項: |
Ленинград, Издание Геологического комитета, 1930
|
| シリーズ: | Материалы по общей и прикладной геологии Вып. 144 Серия работ по геологии Азербайджана |
| 主題: | |
| フォーマット: | 図書 |
| KOHA link: | https://koha.lib.tpu.ru/cgi-bin/koha/opac-detail.pl?biblionumber=342353 |
MARC
| LEADER | 00000nam0a2200000 4500 | ||
|---|---|---|---|
| 001 | 342353 | ||
| 005 | 20231102005437.0 | ||
| 035 | |a (RuTPU)RU\TPU\book\371102 | ||
| 035 | |a RU\TPU\book\355182 | ||
| 090 | |a 342353 | ||
| 100 | |a 20190126d1930 k y0rusy50 ca | ||
| 101 | 0 | |a rus |a fre | |
| 102 | |a RU | ||
| 105 | |a a z 001zy | ||
| 200 | 1 | |a Джульфинские мышьяковистые источники в Нахичеванском крае |g СССР, Геологический комитет (Геолком) | |
| 210 | |a Ленинград |c Издание Геологического комитета |d 1930 |a Москва | ||
| 215 | |a 34 с. |e 1 табл. |e ил. | ||
| 225 | 1 | |a Материалы по общей и прикладной геологии |v Вып. 144 | |
| 225 | 1 | |a Серия работ по геологии Азербайджана | |
| 606 | 1 | |a Геология |y Азия |2 stltpush |3 (RuTPU)RU\TPU\subj\6112 |9 34071 | |
| 610 | 1 | |a Закавказье | |
| 610 | 1 | |a Нахичеванский край | |
| 610 | 1 | |a мышьяк | |
| 610 | 1 | |a источники | |
| 610 | 1 | |a разведка | |
| 675 | |a 553.4 |v 4 | ||
| 700 | 1 | |a Лангваген |b Я. В. |g Яков Васильевич | |
| 712 | 0 | 1 | |a СССР |b Геологический комитет (Геолком) |c (1922-1930) |2 stltpush |3 (RuTPU)RU\TPU\col\18484 |
| 801 | 1 | |a RU |b 63413507 |c 20170314 | |
| 801 | 2 | |a RU |b 63413507 |c 20190126 |g RCR | |
| 942 | |c BK | ||